[Event "ESP-ch"]
[Site "Lleida"]
[Date "1991.??.??"]
[Round "5"]
[White "Gomez, Deltel Nazario"]
[Black "Codina Garcia, Jose"]
[Result "1/2-1/2"]
[WhiteElo "2215"]
[BlackElo "2200"]

1.Nf3 Nf6 2.d4 d5 3.c4 e6 4.g3 Be7 5.Bg2 O-O 6.O-O Nbd7 7.Nbd2 c6 8.Qc2 Qc7
9.e4 Rd8 10.b3 b6 11.Bb2 Bb7 12.Rac1 Rac8 13.Rfe1 Qb8 14.Qd1 Bf8 15.Qe2 Qa8
16.Bh3 dxe4 17.Ng5 Bb4 18.Red1 c5 19.Nxe6 fxe6 20.Bxe6+ Kh8 21.d5 Bxd2 22.Qxd2 Qb8
23.Qg5 Qd6 24.g4 Rc7 25.Re1 h6 26.Qf5 Rf8 27.Re3 Nh7 28.Qg6 Rf6 29.Bxf6 Ndxf6
30.Rce1 Nf8 31.Qf5 Nxe6 32.dxe6 Bc8 33.g5 Bxe6 34.Qg6 Bf7 35.Qf5  1/2-1/2

[Event "ESP-ch"]
[Site "Lleida"]
[Date "1991.??.??"]
[Round "9"]
[White "Garcia, Alb"]
[Black "Castillo, Jose"]
[Result "1-0"]
[WhiteElo "2340"]
[BlackElo "2200"]

1.c4 e6 2.Nf3 d5 3.g3 Nf6 4.Bg2 Be7 5.d4 O-O 6.O-O Nbd7 7.Qc2 c6 8.Rd1 Re8
9.b3 Ne4 10.Bb2 Ndf6 11.Ne5 Bd7 12.f3 Nd6 13.e4 Rc8 14.Nc3 b5 15.c5 Nb7 16.a4 b4
17.Ne2 a5 18.Nf4 Rf8 19.Qe2 Ra8 20.Bh3 Qc8 21.Rac1 Nd8 22.exd5 Nxd5 23.Nxd5 cxd5
24.c6 Nxc6 25.Rc2 Qb7 26.Rdc1 Nxe5 27.Rc7 Qa6 28.Qxa6 Rxa6 29.dxe5 Rd8 30.Bf1 Raa8
31.Bb5 Bxb5 32.axb5 Bf8 33.b6 Rdb8 34.Bd4 a4 35.bxa4 Rxa4 36.Rc8 b3 37.Rxb8 Rxd4
38.b7  1-0

[Event "USA-op Los Angeles"]
[Site "Los Angeles"]
[Date "1991.??.??"]
[Round "?"]
[White "Alburt, Lev O"]
[Black "Shahade, Michael"]
[Result "1-0"]
[WhiteElo "2535"]
[BlackElo "2310"]

1.d4 Nf6 2.c4 e6 3.g3 d5 4.Bg2 Be7 5.Nf3 O-O 6.O-O dxc4 7.Qc2 a6 8.a4 Bd7
9.Rd1 Bc6 10.Nc3 Nbd7 11.e4 b5 12.d5 exd5 13.e5 Ne4 14.Nxd5 Bxd5 15.Rxd5 Nec5
16.axb5 Qc8 17.Ng5 Bxg5 18.Bxg5 axb5 19.Rxa8 Qxa8 20.Rxd7 Qa4 21.Qxa4 Nxa4
22.Rxc7 h6 23.Be7 Rb8 24.Bd6 Nxb2 25.Bd5  1-0

[Event "Lyngby op"]
[Site "Lyngby"]
[Date "1991.??.??"]
[Round "5"]
[White "Trichkov, Vasil"]
[Black "Lyrberg, Patrik"]
[Result "1-0"]
[WhiteElo "2310"]
[BlackElo "2350"]

1.c4 Nf6 2.Nf3 e6 3.g3 d5 4.Bg2 Be7 5.d4 O-O 6.O-O Nbd7 7.Qc2 dxc4 8.Nbd2 c5
9.Nxc4 Nd5 10.Rd1 b5 11.Nce5 Bb7 12.Nxd7 Qxd7 13.dxc5 Qc7 14.Ng5 g6 15.Ne4 f5
16.Ng5 Bxc5 17.Qb3 Qb6 18.Nxe6 Bxf2+ 19.Kf1 Qxe6 20.Bxd5 Bxd5 21.Qxd5 Qxd5
22.Rxd5 Bb6 23.Rxb5 Rac8 24.Bg5 Kg7 25.Rd1 Rf7 26.a4 h6 27.Bd2 g5 28.Bc3+ Kh7
29.a5 Be3 30.Rbd5 Re8 31.Bb4 Rb8 32.Rd7 Rxd7 33.Rxd7+ Kg6 34.Bc3 Rc8 35.Re7 f4
36.g4 h5 37.Re6+ Kf7 38.Rf6+ Ke7 39.Rg6 hxg4 40.Rxg5 Ke6 41.Rxg4 Kf5 42.Rg7 Rd8
43.Rf7+ Ke4 44.Kg2 Rd1 45.Re7+ Kf5 46.Re5+ Kg6 47.h4 Rg1+ 48.Kf3 Rh1 49.h5+ Kf7
50.Rd5 Rh2 51.Be1 Rh1 52.Bc3 Rh2 53.Rf5+ Ke7 54.Be1 Rh1 55.Bb4+ Ke6 56.Ke4 Rh2
57.Re5+ Kf7 58.Kd3 Rh1 59.Bc3 Rd1+ 60.Ke4 Rh1 61.Bd4 Bxd4 62.Kxd4 Kf6 63.Rb5 Re1
64.Kd3  1-0

[Event "Lyngby op"]
[Site "Lyngby"]
[Date "1991.??.??"]
[Round "8"]
[White "Fedder, Steen"]
[Black "Pedersen, Steffen"]
[Result "1-0"]
[WhiteElo "2400"]
[BlackElo "2295"]

1.d4 Nf6 2.c4 e6 3.g3 d5 4.Nf3 Be7 5.Bg2 O-O 6.O-O dxc4 7.Qc2 a6 8.Qxc4 b5
9.Qc2 Bb7 10.Bg5 Nbd7 11.Bxf6 Nxf6 12.Nbd2 Rc8 13.Nb3 Be4 14.Qc3 Bd5 15.Rfd1 c5
16.dxc5 Qc7 17.Nfd4 Bxc5 18.Bxd5 Nxd5 19.Qxc5 Qxc5 20.Nxc5 Rxc5 21.Rac1 Rcc8
22.Nc6 Rc7 23.e4 Nf6 24.f3 Ra8 25.Ne5 Rcc8 26.Rxc8+ Rxc8 27.Rd6 Ne8 28.Rxa6 Rc1+
29.Kg2 Rc2+ 30.Kh3 Rxb2 31.Nd7 f6 32.Rxe6 Kf7 33.Ra6 Ke7 34.Nc5 Nc7 35.Rc6 Kd8
36.a4 bxa4 37.Nxa4 Ra2 38.Nc5 Ne8 39.f4 Ke7 40.Re6+ Kd8 41.Rc6 Ke7 42.Rb6 Rc2
43.Nd3 Rc3 44.Nb4 Rc4 45.e5 fxe5 46.Nc6+ Kf8 47.fxe5 Nc7 48.e6 Rc5 49.Rb8+ Ne8
50.Rc8 Rh5+ 51.Kg2 Rd5 52.Rd8 Rc5 53.Nd4 Ke7 54.Rd7+ Kf6 55.Kf2 Ke5 56.Rd8 Nf6
57.e7 Ke4 58.Nf3 Rc2+ 59.Nd2+ Kf5 60.Ke2 Kg4 61.e8=Q Nxe8 62.Rxe8 Kh3 63.Re7 Kxh2
64.Rxg7 h5 65.Kd3 Rc8 66.Ne4 Rh8 67.Ke3 h4 68.g4 Kg2 69.Ra7 h3 70.Ra2+ Kg1
71.Ng5  1-0

[Event "Wch U20"]
[Site "Mamaia"]
[Date "1991.??.??"]
[Round "?"]
[White "Groenn, Atle"]
[Black "Jirovsky, Milos"]
[Result "1/2-1/2"]
[WhiteElo "2320"]
[BlackElo "2310"]

1.Nf3 d5 2.d4 Nf6 3.c4 e6 4.g3 Be7 5.Bg2 O-O 6.O-O dxc4 7.Qc2 a6 8.Qxc4 b5
9.Qc2 Bb7 10.Bg5 Nbd7 11.Nbd2 c5 12.Bxf6 gxf6 13.Rac1 Qb6 14.dxc5 Nxc5 15.Nd4 Rac8
16.Bxb7 Qxb7 17.N2b3 Nxb3 18.Qxb3 Bc5 19.Qf3 Qxf3 20.Nxf3 Rfd8 21.e3 Kf8
22.Rc2 Bb4 23.Rxc8 Rxc8 24.a3 Bd6 25.Rd1 Ke7 26.Rd2 Rc1+  1/2-1/2

[Event "Mar del Plata op"]
[Site "Mar del Plata"]
[Date "1991.??.??"]
[Round "?"]
[White "Piscicelli, Daniel"]
[Black "Gomez Baillo, Jorge H"]
[Result "0-1"]
[WhiteElo "2275"]
[BlackElo "2425"]

1.d4 Nf6 2.c4 e6 3.g3 d5 4.Bg2 Be7 5.Nf3 O-O 6.O-O b6 7.Nc3 Bb7 8.cxd5 exd5
9.Ne5 Na6 10.Qa4 Qe8 11.Qb3 Rd8 12.Bg5 Ne4 13.Bf4 c5 14.Rfd1 cxd4 15.Rxd4 Nac5
16.Qc2 Nxc3 17.Qxc3 Bd6 18.Qe3 Ne6 19.Rdd1 d4  0-1

[Event "Miedzybrodzie op"]
[Site "Miedzybrodzie"]
[Date "1991.??.??"]
[Round "5"]
[White "Urban, Klaudiusz"]
[Black "Drzemicki, Dariusz"]
[Result "1-0"]
[WhiteElo "2395"]
[BlackElo "2315"]

1.d4 d5 2.Nf3 Nf6 3.c4 e6 4.g3 Be7 5.Bg2 O-O 6.O-O dxc4 7.Ne5 c5 8.dxc5 Bxc5
9.Nc3 Qe7 10.Qa4 a6 11.Qc2 Qc7 12.Bf4 Bd6 13.Nf3 Bxf4 14.gxf4 Qxf4 15.Rfd1 Nc6
16.e3 Qg4 17.Nd4 Bd7 18.Kh1 Rac8 19.Ne4 Nxe4 20.Bxe4 Qh5 21.Qxc4 e5 22.Qe2 Qh4
23.Bxc6 bxc6 24.Nf3 Qg4 25.e4 Be6 26.Rg1 Qf4 27.Ng5 Qf6 28.Qxa6 Qxf2 29.Nxe6 Qf3+
30.Rg2 fxe6 31.Qe2 Qf6 32.a4 Rc7 33.a5 c5 34.Qc4 Qe7 35.a6 Qd6 36.Rc2 Qd4
37.Qxe6+ Kh8 38.Qd5 Rd8 39.Qxd4 exd4 40.b3 Ra8 41.b4 c4 42.b5 c3 43.b6 Rd7
44.Kg2 Rdd8 45.b7 Ra7 46.Rb1 Rb8 47.Rb6 Kg8 48.Rc6 Kf7 49.Rc8 Rbxb7 50.axb7 Rxb7
51.Rd8 Rb4 52.Kf2 Ke6 53.Ke2  1-0

[Event "Miedzybrodzie op"]
[Site "Miedzybrodzie"]
[Date "1991.??.??"]
[Round "8"]
[White "Urban, Klaudiusz"]
[Black "Balashov, Yuri S"]
[Result "1/2-1/2"]
[WhiteElo "2395"]
[BlackElo "2580"]

1.d4 Nf6 2.c4 e6 3.g3 d5 4.Bg2 Be7 5.Nf3 O-O 6.O-O dxc4 7.Qc2 a6 8.a4 Nc6
9.Qxc4 Qd5 10.Nbd2 Rd8 11.e3 Qxc4 12.Nxc4 Bd7 13.Nfe5 Nxe5 14.Nxe5 Nd5 15.Nxd7 Rxd7
16.b3 a5 17.Bb2 Bb4 18.Rac1 c6 19.Rfd1 Rad8 20.Bf3  1/2-1/2

[Event "FRA-ch (Women)"]
[Site "Montpellier"]
[Date "1991.??.??"]
[Round "1"]
[White "Flear, Christine"]
[Black "Muller, Anne"]
[Result "1-0"]
[WhiteElo "2210"]
[BlackElo "2010"]

1.d4 d5 2.c4 e6 3.Nf3 Nf6 4.g3 Be7 5.Bg2 O-O 6.O-O c6 7.Qc2 Nbd7 8.Nbd2 Re8
9.Rd1 Bf8 10.b3 Qc7 11.Bb2 a5 12.e4 dxe4 13.Nxe4 Nxe4 14.Qxe4 Nf6 15.Qc2 Qd6
16.Rac1 Rd8 17.Ne5 Bd7 18.Qe2 Rac8 19.Bc3 Ra8 20.Qd2 Qc7 21.Qe2 Be8 22.Rd3 a4
23.b4 Rac8 24.Rcd1 Qb6 25.a3 Qa6 26.g4 h6 27.Rg3 Nh7 28.f4 Be7 29.Rf1 Bf6
30.g5 hxg5 31.fxg5 Nxg5 32.Qg4  1-0

[Event "Moscow4"]
[Site "Moscow"]
[Date "1991.??.??"]
[Round "?"]
[White "Galdunts, Sergey"]
[Black "Vaganian, Rafael A"]
[Result "0-1"]
[WhiteElo "2470"]
[BlackElo "2585"]

1.d4 Nf6 2.c4 e6 3.Nf3 d5 4.g3 Be7 5.Bg2 O-O 6.O-O dxc4 7.Qc2 a6 8.Qxc4 b5
9.Qc2 Bb7 10.Bd2 Be4 11.Qc1 Nbd7 12.Ba5 Rc8 13.Nbd2 Ba8 14.Qc2 Qe8 15.b4 Nd5
16.a3 f5 17.e3 Qh5 18.Rac1 Bd6 19.Qd1 Qh6 20.Qe2 N7f6 21.Rfd1 Ne7 22.Ne1 Bd5
23.Nd3 Ne4 24.Nxe4 fxe4 25.Nc5 Bxc5 26.Rxc5 c6 27.Qg4 Nf5 28.Qf4 Qxf4 29.exf4 e3
30.Bf1 g5 31.fxe3 Nxe3 32.Re1 gxf4 33.gxf4 Nf5 34.Bh3 Nxd4 35.Re3 Rxf4 36.Bb6 Kf7  0-1

[Event "Russian Winter op"]
[Site "Moscow"]
[Date "1991.??.??"]
[Round "?"]
[White "Zimmerman, Yuri"]
[Black "Furman, Boris"]
[Result "1/2-1/2"]
[WhiteElo "2310"]
[BlackElo "2265"]

1.d4 Nf6 2.c4 e6 3.Nf3 d5 4.g3 Be7 5.Bg2 O-O 6.O-O c6 7.Nc3 Nbd7 8.b3 b6
9.Qc2 Bb7 10.Rd1 Rc8 11.e4 Nb8 12.Ne5 Na6 13.Be3 Qc7 14.Qb2 Rfd8 15.Bf4 Nh5
16.Nxf7 Nxf4 17.Nxd8 Rxd8 18.gxf4 Qxf4 19.Qe2 Bd6 20.e5 Bb4 21.Na4 Rf8 22.Qe3 Qh4
23.c5 bxc5 24.Nxc5 Nxc5 25.dxc5 Rf4 26.a3 Ba5 27.Qg3 Qh6 28.Rd3 Ba6 29.Rf3 Bd2
30.Rxf4 Bxf4 31.Qh3 Qg6 32.Re1 Bd3 33.Qh4 Bd2 34.Rd1 Be2 35.Qd8+ Kf7 36.Qd7+ Kf8
37.Qd6+ Kf7 38.Qc7+ Kf8 39.Qb8+ Kf7 40.Qxa7+ Kf8  1/2-1/2

[Event "Moscow7 op"]
[Site "Moscow"]
[Date "1991.??.??"]
[Round "?"]
[White "Ionov, Sergey"]
[Black "Zaitsev, Igor A"]
[Result "1/2-1/2"]
[WhiteElo "2510"]
[BlackElo "2405"]

1.d4 d5 2.c4 e6 3.Nf3 Nf6 4.g3 Be7 5.Bg2 O-O 6.Nc3 dxc4 7.Ne5 Nc6 8.Bxc6 bxc6
9.Nxc6 Qe8 10.Nxe7+ Qxe7 11.Qa4 c5 12.Qxc4 cxd4 13.Qxd4 e5 14.Qh4 Qb7 15.O-O Be6
16.Rd1 Rac8 17.e4 Rc4 18.f3 h6 19.g4 Rfc8 20.Qf2 Rb4 21.Qe3 Qa6 22.Rb1 h5
23.g5 Nh7 24.Bd2 Nf8 25.Nd5 Rb7 26.Bc3 Ng6 27.a3 Rd7 28.Rd2 Rcd8 29.Rbd1 Qc4
30.Qd3 Qa4  1/2-1/2

[Event "Moscow5"]
[Site "Moscow"]
[Date "1991.??.??"]
[Round "?"]
[White "Wessman, Richard"]
[Black "Naumkin, Igor"]
[Result "1/2-1/2"]
[WhiteElo "2460"]
[BlackElo "2490"]

1.d4 Nf6 2.c4 e6 3.g3 d5 4.Bg2 Be7 5.Nf3 O-O 6.O-O dxc4 7.Qc2 a6 8.Qxc4 b5
9.Qc2 Bb7 10.Bf4 Bd6 11.Nc3 Bxf4 12.gxf4 Nbd7 13.b4 Qe7 14.a3 g6 15.e3 Nb6
16.Rfc1 Rfc8 17.Qb3 Ne4 18.Ne5 Nxc3 19.Rxc3  1/2-1/2

[Event "Munich"]
[Site "Munich"]
[Date "1991.??.??"]
[Round "7"]
[White "Beliavsky, Alexander G"]
[Black "Huebner, Robert"]
[Result "1/2-1/2"]
[WhiteElo "2640"]
[BlackElo "2620"]

1.d4 Nf6 2.c4 e6 3.g3 d5 4.Bg2 Be7 5.Nf3 O-O 6.Nc3 dxc4 7.Ne5 c5 8.dxc5 Qc7
9.Nxc4 Qxc5 10.Qb3 Nc6 11.Be3 Nd4 12.Bxd4 Qxd4 13.O-O Qc5 14.Rad1 Rb8 15.Qb5 Qxb5
16.Nxb5 Bd7 17.Nbd6 b6 18.Rd2 Rfd8 19.Rfd1 Be8 20.e4 b5 21.Na5 Bxd6 22.Rxd6 Rxd6
23.Rxd6 Rc8 24.Bf3 Kf8 25.e5 Rc1+ 26.Rd1 Rxd1+ 27.Bxd1 Nd5 28.f4 Ke7 29.Bc2 Ne3
30.Bd3 f6 31.Be2 fxe5 32.fxe5 Kd8 33.Kf2 Nf5 34.Nb3 Kc7 35.Nc5 Bf7 36.Ne4 Nd4
37.Nd6 Nxe2 38.Kxe2 Bh5+ 39.Kd3 Kc6 40.Kd4 a5 41.Ne4 h6 42.Nc5 Bg4 43.Nb3 Kb6
44.a3 Bh3 45.Nd2 Bg2 46.b4 axb4 47.axb4 Kc6 48.Nb3 Bh3 49.Nc1 Bf1 50.Na2 Bh3
51.Nc3 Bf5 52.Ne2 Bg6 53.Nf4 Bf7 54.h4 Kb6 55.h5 Kc6 56.g4 Kb6 57.Ke4 Kc7
58.Kf3 Kd7 59.Kg3 Be8 60.Kh4 Ke7 61.g5 Bc6 62.Kg3 Be4 63.Ne2 Bd3 64.Nd4 Bc4
65.Kf4 Kd7 66.Ke3 Kc7 67.g6 Kd7 68.Nf3 Bb3 69.Kd2 Bd5 70.Nd4  1/2-1/2

[Event "Niedersachsen-NRW"]
[Site "Niedersachsen"]
[Date "1991.??.??"]
[Round "?"]
[White "Von Alvensleben, Wolfram"]
[Black "Molinaroli, Martin"]
[Result "1/2-1/2"]
[WhiteElo "2240"]
[BlackElo "2245"]

1.d4 Nf6 2.c4 e6 3.g3 d5 4.Bg2 Be7 5.Nf3 O-O 6.O-O b6 7.Qc2 Bb7 8.Rd1 Nbd7
9.Ne5 c6 10.cxd5 cxd5 11.Nc6 Bxc6 12.Qxc6 Qc8 13.Qa4 Qb7 14.Nc3 a6 15.Bf4 b5
16.Qc2 Rac8 17.Qd3 b4 18.Nb1 Qb5 19.Qxb5 axb5 20.Nd2 Rc2 21.b3 Rfc8 22.Bf3 h6
23.e4 g5 24.Be3 dxe4 25.Nxe4 Nd5 26.Bd2 Nc3 27.Bxc3 bxc3 28.Rdc1 Rxc1+ 29.Rxc1 b4
30.Nd2 g4 31.Be4 Nb6 32.Nf1 Bf6 33.Ne3 Bxd4 34.Nxg4 f5 35.Bxf5 exf5 36.Nxh6+ Kf8
37.Nxf5 Bf6 38.Kf1 Rd8 39.Rc2 Rd5 40.Ne3 Rd7 41.f4 Re7 42.Nf5 Re4 43.Re2 Rxe2
44.Kxe2 Nd7 45.g4 Nc5  1/2-1/2

[Event "Oberwart op"]
[Site "Oberwart"]
[Date "1991.??.??"]
[Round "?"]
[White "Golikov, Anatolij"]
[Black "Somogyi, Istvan"]
[Result "1-0"]
[WhiteElo "2390"]
[BlackElo "2290"]

1.d4 d5 2.c4 e6 3.Nf3 Nf6 4.g3 Be7 5.Bg2 O-O 6.O-O Nbd7 7.Qc2 dxc4 8.Qxc4 c6
9.Nc3 Qa5 10.e4 e5 11.Rd1 exd4 12.Nxd4 Ne5 13.Qe2 Bg4 14.f3 Bd7 15.h3 Rfd8
16.Be3 b5 17.Nb3 Qc7 18.f4 Nc4 19.e5 Nh5 20.Bf2 g6 21.Nd4 Ng7 22.b3 Nb6 23.Rac1 a6
24.Ne4 Rac8 25.Nxc6 Bxc6 26.Rxc6 Qxc6 27.Nf6+ Bxf6 28.Bxc6 Rxd1+ 29.Qxd1 Rxc6
30.exf6 Rxf6 31.Qd8+  1-0

[Event "URS Army-ch"]
[Site "Odessa"]
[Date "1991.??.??"]
[Round "?"]
[White "Savchenko, Stanislav"]
[Black "Podgaets, Mikhail"]
[Result "1/2-1/2"]
[WhiteElo "2475"]
[BlackElo "2450"]

1.d4 Nf6 2.c4 e6 3.g3 d5 4.Bg2 Be7 5.Nf3 O-O 6.O-O dxc4 7.Qc2 a6 8.Qxc4 b5
9.Qc2 Bb7 10.Bd2 Nc6 11.e3 Nb4 12.Bxb4 Bxb4 13.a3 Bd6  1/2-1/2

[Event "URS Army-ch"]
[Site "Odessa"]
[Date "1991.??.??"]
[Round "?"]
[White "Savchenko, Stanislav"]
[Black "Deuch, Y."]
[Result "1/2-1/2"]
[WhiteElo "2475"]
[BlackElo "2300"]

1.d4 d5 2.c4 e6 3.Nf3 Nf6 4.g3 Be7 5.Bg2 O-O 6.O-O c5 7.cxd5 Nxd5 8.Nc3 Nxc3
9.bxc3 Nc6 10.Rb1 Qa5 11.Qb3 Rd8 12.Be3 Rb8 13.Bf4 Bd6 14.Bxd6 Rxd6 15.Nd2 b5
16.Ne4 c4 17.Qc2 Rd5 18.f4 h6 19.Nd2 Rd6 20.e4 Qc7 21.g4 Rd8 22.e5 b4 23.Nf3 Ne7
24.Nh4  1/2-1/2

[Event "Oostende op"]
[Site "Oostende"]
[Date "1991.??.??"]
[Round "6"]
[White "Maiwald, Jens Uwe"]
[Black "Winants, Luc"]
[Result "0-1"]
[WhiteElo "2295"]
[BlackElo "2500"]

1.d4 Nf6 2.Nf3 d5 3.c4 e6 4.g3 Be7 5.Bg2 O-O 6.O-O dxc4 7.Qc2 a6 8.Qxc4 b5
9.Qc2 Bb7 10.Bd2 Nbd7 11.Ba5 Rc8 12.Nbd2 Qe8 13.b4 Nd5 14.a3 f5 15.e4 fxe4
16.Qxe4 Rf6 17.Rac1 Ba8 18.Qd3 Qh5 19.Ne4 Rg6 20.Rc2 Nf4 21.gxf4 Rxg2+ 22.Kxg2 Qg6+
23.Nfg5 Bxg5 24.f3 Bxf4+ 25.Kh1 Qh5 26.Rg2 Rf8 27.a4 Rf7 28.axb5 axb5 29.Qe2 Nf8
30.Rg4 Bd5 31.Qg2 Ng6 32.Nc3 Bb7 33.Ne4 Qf5 34.Nc3 Be3 35.Ne4 Bxd4 36.Ng5 Rd7
37.Bxc7 Be3 38.Bb8 Rd2 39.Qg3 e5 40.Nh3 Rd1 41.Kg2 Rxf1 42.Kxf1 Bxf3  0-1

[Event "Osuna op"]
[Site "Osuna"]
[Date "1991.??.??"]
[Round "?"]
[White "Lopez, JC."]
[Black "Campora, Daniel H"]
[Result "0-1"]
[WhiteElo "2250"]
[BlackElo "2515"]

1.d4 Nf6 2.c4 e6 3.g3 d5 4.Bg2 Be7 5.Nf3 O-O 6.O-O dxc4 7.Ne5 Nc6 8.Nxc6 bxc6
9.Bxc6 Rb8 10.e3 Nd5 11.Qc2 Nb4 12.Qa4 Nxc6 13.Qxc6 Rb6 14.Qxc4 Ba6 15.Qa4 Bxf1
16.Kxf1 Qa8 17.Kg1 c5 18.Nc3 Rd8 19.a3 cxd4 20.exd4 Bf6 21.Ne2 Qf3 22.Qc2 Rc6
23.Qd2 e5 24.Qe3 e4 25.Bd2 Rc2 26.Rb1 Qxe3  0-1

[Event "Osuna op"]
[Site "Osuna"]
[Date "1991.??.??"]
[Round "?"]
[White "Frois, Antonio"]
[Black "Campora, Daniel H"]
[Result "1/2-1/2"]
[WhiteElo "2400"]
[BlackElo "2515"]

1.d4 d5 2.c4 e6 3.Nf3 Nf6 4.g3 Be7 5.Bg2 O-O 6.O-O b6 7.Nc3 Bb7 8.Ne5 c6
9.e4 Na6 10.exd5 cxd5 11.Bg5 Ne4 12.Bxe7 Qxe7 13.Nxe4 dxe4 14.Qe2 f6 15.Ng4 Rad8
16.Rad1 Nb4 17.Ne3 Nd3 18.d5 exd5 19.Nxd5 Bxd5 20.cxd5 Rfe8 21.Qxe4 Qxe4
22.Bxe4 Nxb2 23.Rd4 b5 24.d6 Nc4 25.Bd5+ Kf8 26.Bxc4 bxc4 27.Rc1 Re6 28.Rcxc4  1/2-1/2

[Event "Oviedo rapid"]
[Site "Oviedo"]
[Date "1991.??.??"]
[Round "6"]
[White "Glavina, Pablo"]
[Black "Zlotnik, Boris A"]
[Result "0-1"]
[WhiteElo "2380"]
[BlackElo "2460"]

1.d4 Nf6 2.c4 e6 3.g3 d5 4.Bg2 Be7 5.Nf3 O-O 6.O-O dxc4 7.Na3 Bd7 8.Nxc4 Bc6
9.Bf4 Bd5 10.Rc1 Nc6 11.a3 h6 12.Qd2 a5 13.Rfe1 Be4 14.Nce5 Nxe5 15.Bxe5 Nd5
16.Nh4 Bxg2 17.Nxg2 c6 18.e4 Nb6 19.Bf4 a4 20.h4 Nc8 21.Rcd1 Ra5 22.Qc2 Bd6
23.Bd2 Ra6 24.Ne3 b5 25.Bb4 Ne7 26.Bc5 Qd7 27.Ng4 Rd8 28.Ne5 Qc7 29.Qc3 Raa8
30.Qf3 Rf8 31.Nd3 Rad8 32.e5 Bxc5 33.Nxc5 Nf5 34.Qe4 Rd5 35.Na6 Qd7 36.Nc5 Qe7  0-1

[Event "Oviedo rapid"]
[Site "Oviedo"]
[Date "1991.??.??"]
[Round "9"]
[White "Lakunza, Juan Carlos"]
[Black "Hoffman, Alejandro"]
[Result "0-1"]
[WhiteElo "2355"]
[BlackElo "2415"]

1.d4 d5 2.Nf3 Nf6 3.c4 e6 4.g3 Be7 5.Bg2 O-O 6.O-O b6 7.cxd5 exd5 8.Nc3 Bb7
9.Bg5 h6 10.Bf4 Na6 11.Rc1 c5 12.Ne5 Re8 13.Nb5 Bf8 14.a3 Qe7 15.Bf3 Ne4
16.h4 g5 17.hxg5 hxg5 18.Be3 Bg7 19.Nd3 Nxg3 20.fxg3 Qxe3+ 21.Kg2 Rad8 22.Qc2 f5
23.Bh5 Rf8 24.Rf3 Qe4 25.Nc3 Qe6 26.Rh1 Bxd4 27.g4 Bxc3 28.gxf5 Qf6 29.bxc3 d4
30.Ne5 Qxe5 31.f6 Rxf6  0-1

[Event "Palma de Mallorca op"]
[Site "Palma de Mallorca"]
[Date "1991.??.??"]
[Round "?"]
[White "Razuvaev, Yuri S"]
[Black "Flear, Glenn C"]
[Result "1/2-1/2"]
[WhiteElo "2585"]
[BlackElo "2470"]

1.d4 d5 2.c4 e6 3.Nf3 Nf6 4.g3 Be7 5.Bg2 O-O 6.O-O dxc4 7.Qc2 a6 8.a4 b6
9.Ne5 Ra7 10.Rd1 Bb7 11.Nc3 Bxg2 12.Kxg2 Nbd7 13.Nxc4 Qa8+ 14.e4 Rb8 15.f3 b5
16.Na5 b4 17.Ne2 c5 18.Bf4 Rc8 19.Rac1 Nb6 20.Qb3 Rd7 21.Be3 Nxe4 22.fxe4 Qxe4+
23.Kf2 Qf5+ 24.Ke1 cxd4 25.Nxd4 Qxa5 26.Nc6 Rxc6 27.Rxc6 Nd5 28.Rc8+  1/2-1/2

[Event "Paris-ch"]
[Site "Paris"]
[Date "1991.??.??"]
[Round "2"]
[White "Michalet, Guy"]
[Black "Korneev, Oleg"]
[Result "0-1"]
[WhiteElo "2220"]
[BlackElo "2345"]

1.d4 Nf6 2.c4 e6 3.Nf3 d5 4.g3 Be7 5.Bg2 O-O 6.O-O dxc4 7.Na3 Bxa3 8.bxa3 Nd5
9.Qc2 Nb6 10.Ng5 f5 11.e4 Nc6 12.d5 Nd4 13.Qd2 c5 14.dxc6 Nxc6 15.exf5 exf5
16.Bxc6 bxc6 17.Qxd8 Rxd8 18.Be3 Nd5 19.Bd4 Nf4 20.Rfe1 Nd5 21.Rac1 h6 22.Ne6 Bxe6
23.Rxe6 c5 24.Be5 Re8 25.Rxe8+ Rxe8 26.f4 Nb6 27.a4 Nd7 28.Bc3 Re2 29.Rd1 Nf6
30.Bxf6 gxf6 31.Rc1 Re4 32.Kf2 Kf7 33.Kf3 Ke6 34.g4 Rd4 35.Re1+ Kd5 36.gxf5 c3  0-1

[Event "Paris-ch"]
[Site "Paris"]
[Date "1991.??.??"]
[Round "8"]
[White "Lempereur, Frederic"]
[Black "Roos, Celine"]
[Result "1/2-1/2"]
[WhiteElo "2200"]
[BlackElo "2145"]

1.d4 Nf6 2.c4 e6 3.g3 d5 4.Nf3 Be7 5.Bg2 O-O 6.O-O b6 7.Nc3 Bb7 8.Ne5 Na6
9.cxd5 exd5 10.Bf4 h6 11.Qa4 Qe8 12.Qb3 c6 13.e4 dxe4 14.Ng6 c5 15.Nxe4 Nxe4
16.Rae1 Bf6 17.Nxf8 Kxf8 18.d5 Qd7 19.Bxe4 Nb4 20.d6 Bxe4 21.Rxe4 g5 22.Be5 Bxe5
23.Rxe5 Qxd6 24.Rfe1 Qf6 25.Qc3 Nc6 26.Qe3 Qxe5 27.Qxe5 Nxe5 28.Rxe5 Rd8
29.Re2 g4 30.Kg2 Kg7 31.h3 h5 32.hxg4 hxg4 33.f3 gxf3+ 34.Kxf3 Kf6 35.b3 Rd3+
36.Kf4 a6 37.Rh2 Rd4+ 38.Kf3 Kg5 39.Re2 Rd3+ 40.Kg2 Rd6 41.Kf3 Rf6+ 42.Kg2 b5
43.Re5+ Rf5 44.Re7 Kg6 45.Ra7 c4 46.bxc4 bxc4  1/2-1/2

[Event "Philadelphia World op"]
[Site "Philadelphia"]
[Date "1991.??.??"]
[Round "?"]
[White "Palatnik, Semon"]
[Black "Hjartarson, Johann"]
[Result "1/2-1/2"]
[WhiteElo "2470"]
[BlackElo "2550"]

1.d4 Nf6 2.Nf3 d5 3.c4 e6 4.g3 Be7 5.Bg2 O-O 6.O-O dxc4 7.Qc2 a6 8.Qxc4 b5
9.Qc2 Bb7 10.Bd2 Be4 11.Qc1 Bb7 12.Qc2 Be4 13.Qc1  1/2-1/2

[Event "Podgorica"]
[Site "Podgorica"]
[Date "1991.??.??"]
[Round "2"]
[White "Andonov, Bogomil"]
[Black "Popchev, Milko"]
[Result "0-1"]
[WhiteElo "2365"]
[BlackElo "2450"]

1.Nf3 d5 2.c4 e6 3.g3 Nf6 4.Bg2 Be7 5.d4 O-O 6.O-O c6 7.Qc2 b6 8.Nbd2 Bb7
9.e4 Na6 10.a3 c5 11.exd5 exd5 12.dxc5 Nxc5 13.b4 Ne6 14.cxd5 Bxd5 15.Bb2 a5
16.Bc3 axb4 17.axb4 Qc7 18.Qb2 Qb7 19.Rxa8 Rxa8 20.Ra1 h6 21.Qb1 Rc8 22.Ra3 Ne4
23.Nxe4 Bxe4 24.Qd1 Rd8 25.Qe2 Qd5 26.h4 Bf8 27.Kh2 Nc7 28.Be1 Nb5 29.Re3 Nd6
30.Bf1 Ra8 31.Nd2 Ra2 32.Kg1 Rb2 33.b5 Bg6 34.Re5 Qd4 35.h5 Bd3 36.Qxd3 Qxe5
37.Nc4 Nxc4 38.Bc3 Qc5 39.Bd4 Qd5 40.Bg2 Rb1+  0-1

[Event "Porz op27"]
[Site "Porz"]
[Date "1991.??.??"]
[Round "5"]
[White "Szekely, Peter"]
[Black "Wolf, Walter"]
[Result "1-0"]
[WhiteElo "2430"]
[BlackElo "2265"]

1.Nf3 Nf6 2.c4 e6 3.g3 d5 4.Bg2 Be7 5.d4 O-O 6.Qc2 dxc4 7.Qxc4 a6 8.Qc2 Nc6
9.O-O Nxd4 10.Nxd4 Qxd4 11.Qxc7 Qd6 12.Qxd6 Bxd6 13.Rd1 Bc7 14.Nc3 Rb8 15.Be3 b6
16.Rac1 Bb7 17.Na4 Bxg2 18.Kxg2 b5 19.Nc5 Bb6 20.Bf4 Ra8 21.Nd7 Nxd7 22.Rxd7 Rfc8
23.Rxc8+ Rxc8 24.Rd6 Bc5 25.Rxa6 Bd4 26.Ra5 e5 27.Be3 Bxe3 28.fxe3 Rb8 29.Kf3 f6
30.Ra7 Rc8 31.Rb7 Rc5 32.Ke4 h5 33.Kd3 Rd5+ 34.Kc3 Rc5+ 35.Kd2 Rd5+ 36.Ke1 Rc5
37.e4 Kh7 38.Kd2 Kh6 39.b4 Rc4 40.Rxb5 Rxe4 41.a4  1-0

[Event "Reggio Emilia91 Top15"]
[Site "Reggio Emilia"]
[Date "1991.??.??"]
[Round "?"]
[White "Beliavsky, Alexander G"]
[Black "Portisch, Lajos"]
[Result "1-0"]
[WhiteElo "2640"]
[BlackElo "2590"]

1.d4 Nf6 2.c4 e6 3.g3 d5 4.Bg2 Be7 5.Nf3 O-O 6.Nc3 dxc4 7.Ne5 c5 8.dxc5 Qc7
9.Nxc4 Qxc5 10.Qb3 Nc6 11.Be3 Qh5 12.h3 Na5 13.Nxa5 Qxa5 14.O-O Bc5 15.Bxc5 Qxc5
16.Rac1 Qh5 17.g4 Qh4 18.f4 h6 19.Nb5 Bd7 20.Nd4 Rab8 21.Qa3 Bc6 22.Nxc6 bxc6
23.Rxc6 Nd5 24.f5 Qg5 25.Qxa7 Nf4 26.Rc2 exf5 27.Qe3 Rb4 28.a3 fxg4 29.h4 Nh3+
30.Qxh3 gxh3 31.hxg5 Rg4 32.Rf2 Rxg5 33.Rc3 hxg2 34.Rxg2 Rd5 35.b4 Rd1+ 36.Kf2 Re8
37.Rb3 Rd2 38.Ke1 Ra2 39.b5 f5 40.b6 Ra1+ 41.Kf2 Ra2 42.b7 Rexe2+ 43.Kf1 Rxg2
44.b8=Q+ Kh7 45.Qf4 Rg5 46.Rg3 Rh5 47.Rxg7+  1-0

[Event "Reggio mem Chicco"]
[Site "Reggio Emilia"]
[Date "1991.??.??"]
[Round "?"]
[White "Beil, Zdenek"]
[Black "Arlandi, Ennio"]
[Result "1/2-1/2"]
[WhiteElo "2345"]
[BlackElo "2400"]

1.d4 d5 2.Nf3 e6 3.c4 Nf6 4.g3 Be7 5.Bg2 O-O 6.O-O dxc4 7.Qc2 a6 8.Qxc4 b5
9.Qc2 Bb7 10.Bg5 Nbd7 11.Nbd2 Rc8 12.Bxf6 Nxf6 13.Nb3 c5 14.dxc5 a5 15.a4 Be4
16.Qc3 b4 17.Qe3 Bd5 18.Nfd2 Bxg2 19.Kxg2 Nd5 20.Qd3 Bxc5 21.Qb5 Bb6 22.e4 Nf6
23.Rac1 Rxc1 24.Rxc1 Ng4 25.Rf1 f5 26.Qc6 Bxf2 27.Qxe6+ Kh8 28.Nc4 Qd3 29.Nbd2 Qe2
30.Kh3 Be3 31.Rxf5 Nf2+ 32.Kg2 Ng4+ 33.Kh3 Nf2+ 34.Kg2 Ng4+  1/2-1/2

[Event "Reno op"]
[Site "Reno"]
[Date "1991.??.??"]
[Round "?"]
[White "Orlov, Georgi"]
[Black "Kelson, Richard"]
[Result "1-0"]
[WhiteElo "2500"]
[BlackElo "2325"]

1.d4 Nf6 2.c4 e6 3.g3 d5 4.Nf3 Be7 5.Bg2 O-O 6.O-O dxc4 7.Nc3 c5 8.dxc5 Nc6
9.Qa4 Qa5 10.Qxc4 Qxc5 11.Qb3 Na5 12.Qc2 Bd7 13.Be3 Qh5 14.h3 Nc4 15.Bg5 Qg6
16.Qxg6 hxg6 17.b3 Na5 18.Ne5 Rfd8 19.Nxd7 Rxd7 20.Bf4 Rc8 21.Ne4 Nd5 22.Bd2 Nc6
23.Rac1 Rdc7 24.Kh2 Ncb4 25.a4 Rc2 26.h4 Na2 27.Rcd1 Rb2 28.Ng5 Rcc2 29.Bxd5 exd5
30.Nf3 Bf6 31.Be3 Rxb3 32.Rxd5 Rxe2 33.Kh3 b6 34.Rd7 a5 35.Ng5 Bxg5 36.hxg5 Nc3
37.Rd8+ Kh7 38.Rh1 Rb1 39.Rh2  1-0

[Event "Rome op"]
[Site "Rome"]
[Date "1991.??.??"]
[Round "7"]
[White "Sibilio, Mario"]
[Black "Ianniello, Riccardo"]
[Result "1/2-1/2"]
[WhiteElo "2315"]
[BlackElo "2305"]

1.c4 e6 2.Nf3 Nf6 3.g3 d5 4.d4 Be7 5.Bg2 O-O 6.O-O Ne4 7.Nc3 c6 8.Qc2 f5
9.Be3 Nd7 10.Rad1 Bd6 11.Qc1 Qe8 12.Bf4  1/2-1/2